| 000 | 00951nam a2200301 i 4500 | ||
|---|---|---|---|
| 001 | 10182 | ||
| 003 | KOSZ 005 | ||
| 005 | 20200103135945.0 | ||
| 008 | 070916s1969 pl a |000 0 pol | ||
| 015 | _aPB 1969/4434 | ||
| 035 | _a(OCoLC)802545913 | ||
| 040 |
_aWA N _cWA N _dKOSZ 005/EG |
||
| 041 | _apol | ||
| 046 | _k1969 | ||
| 080 | _a514 | ||
| 080 | _a(07) | ||
| 100 | 1 |
_aRachwał, Tadeusz _d(1914-1992) _eAutor |
|
| 245 | 1 | 0 |
_aGeometria wykreślna. _nT. 2 / _cTadeusz Rachwał. |
| 260 |
_aWarszawa : _bPaństwowe Wydawnictwo Naukowe, _c1969. |
||
| 300 |
_a240 s. ; _c23 cm + _eAlbum z rysunkami : 164 s. |
||
| 380 | _aKsiążki. | ||
| 650 | 4 | _aGeometria wykreślna | |
| 655 | 4 | _aPodręczniki | |
| 658 | _aMatematyka | ||
| 710 | 2 |
_aPaństwowe Wydawnictwo Naukowe _4pbl. |
|
| 856 |
_uhttp://koha.tu.koszalin.pl/cgi-bin/koha/opac-detail.pl?biblionumber=10182 _yKatalog online BPK |
||
| 942 |
_2UKD _cKS |
||
| 999 |
_c10182 _d10182 |
||